Σύγχρονος διοίκησις των επιχειρήσεων
Saved in:
| Main Author: | |
|---|---|
| Format: | Book |
| Language: | Greek |
| Published: |
Αθήνα :
Τυροβόλας,
1976
|
| Subjects: | |
| Tags: |
Add Tag
No Tags, Be the first to tag this record!
|
MARC
| LEADER | 00000nam a2200000 i 4500 | ||
|---|---|---|---|
| 001 | 1/51672 | ||
| 008 | 960313s1976 gre d | ||
| 035 | |l 10027213 | ||
| 040 | |a GR-MY-UA |b gre |e aacr | ||
| 041 | 0 | |a gre | |
| 082 | 0 | |a 658 | |
| 100 | 1 | |a Χατζηγρηγορίου, Μηνάς. | |
| 245 | 1 | 0 | |a Σύγχρονος διοίκησις των επιχειρήσεων / |c Μηνάς Χατζηγρηγορίου |
| 260 | |a Αθήνα : |b Τυροβόλας, |c 1976 | ||
| 300 | |a 247 σ. | ||
| 650 | 0 | 0 | |a Management science. |
| 650 | 0 | 0 | |a Management. |
| 852 | |a INST |b CHIOS |e 19960313 |h 658 ΧΑΤ |p 005200004697 |q 005200004697 |t BK |y 0 | ||
| 909 | |a Χ |b 000267 | ||